000 01443cam a2200469 4500
003 PE-LiUPU
005 20250731184601.0
008 221006b |||||||| |||| 00| 0 eng d
020 _a8422012553
035 _a(Sirsi) i9788422012559
035 _a(Sirsi) 15718
035 _a(Sirsi) 15718
040 _cLi-PEUPU
041 _aes
044 _aes
082 0 4 _a922.22
_221
_bS211s
100 1 _aSánchez Prieto, Nicolás
245 _aSanto Toribio de Mogrovejo :
_bApóstol de los andes /
_cNicolás Sánchez Prieto
264 1 _aEspaña :
_bBiblioteca de Autores Cristianos,
_c1986
300 _a211 páginas ;
_c19 cm.
504 _aIncluye bibliografía
505 0 _aSanto Toribio es de Mayorga -- ¿Puede un Inquisidor ser Santo? -- Misa de Pontificial en lo alto de los Andes -- El concilio donde el Diablo anduvo suelto
526 _aP136
526 _aP135
526 _aP134
526 _aP133
526 _aP144
526 _aP143
526 _aP87
526 _aP35
526 _aP20
526 _aP14
526 _aP10
526 _aP06
600 0 _9218
_aMogrovejo, Toribio Alfonso de, Santo,
_d1538-1606
_xBiografías
650 0 _9219
_aObispos
_vBiografías
_zLima (Perú)
942 _2ddc
_cBOOK
949 _a235.2 S21
_i39451
_lPOSTGRADO
_mBUL
_tLIBRO
_o.STAFF. Posgrado
980 _81
_gALBERTO SANCHEZ Responsable de Automatización
999 _c54794
_d54794